Sports Quiz

Random Sports Quiz

Home Run Leaders - post World War 2 - National League Quiz Stats

 Plays Quiz not verified by Sporcle

Score 0/69 Timer 05:00
0 Plays Today
Hint Answer % Correct
2002Sammy Sosa
91.9%
1998Mark McGwire
90.7%
1999Mark McGwire
90.7%
2000Sammy Sosa
90.7%
2001Barry Bonds
88.4%
1955Willie Mays
84.9%
1980Mike Schmidt
84.9%
1981Mike Schmidt
84.9%
1965Willie Mays
83.7%
1983Mike Schmidt
83.7%
1993Barry Bonds
83.7%
1962Willie Mays
82.6%
1964Willie Mays
82.6%
1974Mike Schmidt
82.6%
1975Mike Schmidt
82.6%
1976Mike Schmidt
82.6%
1986Mike Schmidt
82.6%
2006Ryan Howard
81.4%
2008Ryan Howard
81.4%
2009Albert Pujols
80.2%
2010Albert Pujols
80.2%
1957Hank Aaron
77.9%
1966Hank Aaron
77.9%
1967Hank Aaron
77.9%
1968Willie McCovey
70.9%
1969Willie McCovey
70.9%
1971Willie Stargell
70.9%
1997Larry Walker
69.8%
1973Willie Stargell
68.6%
2007Prince Fielder
68.6%
2012Ryan Braun
67.4%
1958Ernie Banks
62.8%
1960Ernie Banks
62.8%
1977George Foster
62.8%
1946Ralph Kiner
61.6%
Hint Answer % Correct
1956Duke Snider
61.6%
2005Andruw Jones
61.6%
1947Ralph Kiner
60.5%
1948Ralph Kiner
60.5%
1949Ralph Kiner
60.5%
1950Ralph Kiner
60.5%
1951Ralph Kiner
60.5%
1952Ralph Kiner
60.5%
1978George Foster
60.5%
1979Dave Kingman
60.5%
1987Andre Dawson
60.5%
1985Dale Murphy
60.5%
1970Johnny Bench
59.3%
1972Johnny Bench
59.3%
1982Dave Kingman
59.3%
1953Eddie Mathews
58.1%
1988Darryl Strawberry
57%
1996Andres Galarraga
57%
1959Eddie Mathews
54.7%
1989Kevin Mitchell
52.3%
2011Matt Kemp
51.2%
2014Giancarlo Stanton
51.2%
1961Orlando Cepeda
50%
1984Dale Murphy
48.8%
1994Matt Williams
47.7%
1995Dante Bichette
47.7%
1963Willie McCovey
46.5%
1990Ryne Sandberg
44.2%
2004Adrian Beltre
44.2%
1954Ted Kluszewski
41.9%
2003Jim Thome
41.9%
1991Howard Johnson
37.2%
1992Fred McGriff
32.6%
2013Pedro Alvarez
27.9%

You're not logged in!

Compare scores with friends on all Sporcle quizzes.
OR
Log In

Sporcle TV

Today on Sporcle TV


Watch our educational content, quiz creation guides, and fun videos on Sporcle TV.

Show Comments

Extras

Created Dec 28, 2014ReportNominate
Tags:home, leader, league, national, run

Top Quizzes Today


Score Distribution

Your Account Isn't Verified!

In order to create a playlist on Sporcle, you need to verify the email address you used during registration. Go to your Sporcle Settings to finish the process.

Report this User

Report this user for behavior that violates our Community Guidelines.

Details: